Analýza denných hodnôt výmenných kurzov národných mien krajín V4 voči euru
Špecifikácia vhodných ARIMA (autoregressive integrated moving average) modelov denných hodnôt výmenných kurzov národných mien krajín V4, t.j. slovenskej koruny (SKK), českej koruny (CZK), maďarského forintu (HUF) a poľského zlotého (PLN) voči euru (EUR) od začiatku roka 1999 do konca apríla 2006.
Na minha lista:
| Autor principal: | |
|---|---|
| Formato: | Capítulo de Livro |
| Idioma: | eslovaco |
| Assuntos: | |
| Tags: |
Sem tags, seja o primeiro a adicionar uma tag!
|
MARC
| LEADER | 00000naa$a2200000$$$4500 | ||
|---|---|---|---|
| 001 | 0043738 | ||
| 005 | 20240502071520.6 | ||
| 041 | 0 | |a slo | |
| 044 | |a SK | ||
| 245 | 1 | 0 | |a Analýza denných hodnôt výmenných kurzov národných mien krajín V4 voči euru |c Michaela Chocholatá |
| 520 | |a Špecifikácia vhodných ARIMA (autoregressive integrated moving average) modelov denných hodnôt výmenných kurzov národných mien krajín V4, t.j. slovenskej koruny (SKK), českej koruny (CZK), maďarského forintu (HUF) a poľského zlotého (PLN) voči euru (EUR) od začiatku roka 1999 do konca apríla 2006. | ||
| 610 | 2 | 0 | |a kurz výmenný |
| 610 | 2 | 0 | |a mena |
| 610 | 2 | 0 | |a koruna |
| 610 | 2 | 0 | |a forint |
| 610 | 2 | 0 | |a zlotý |
| 610 | 2 | 0 | |a euro |
| 610 | 2 | 0 | |a rady časové |
| 610 | 2 | 0 | |a modely ekonomicko-matematické |
| 610 | 2 | 0 | |a Vyšehradská štvorka |
| 100 | 1 | |a Chocholatá, Michaela, 1977- | |